书目信息 |
| 题名: |
中国名酒志
|
|
| 作者: | 曾纵野 著 | |
| 分册: | ||
| 出版信息: | 北京 中国旅游出版社 1980.10 |
|
| 页数: | 152页 | |
| 开本: | 19cm | |
| 丛书名: | ||
| 单 册: | ||
| 中图分类: | F768.2 | |
| 科图分类: | ||
| 主题词: | 商品学 | |
| 电子资源: | ||
| ISBN: | ||
| 000 | 00540nam0 2200205 45 | |
| 001 | 0404291693 | |
| 005 | 20040429171953.9 | |
| 010 | @dCNY0.76 | |
| 091 | @a15179.028 | |
| 100 | @a20040429d1980 km y0chiy0120 ea | |
| 101 | 0 | @achi |
| 105 | @a z 000yy | |
| 200 | 1 | @a中国名酒志@AZhong Guo Ming Jiu Zhi@f曾纵野著@FCeng Zong Ye Zhu |
| 210 | @a北京@c中国旅游出版社@d1980.10 | |
| 215 | @a152页@d19cm | |
| 606 | 0 | @a商品学 |
| 690 | @aF768.2@v3 | |
| 701 | 0 | @a曾纵野@4著 |
| 801 | @aCN@bPftUser@c20040429 | |
| 905 | @f2@b105546-547@dF768.2@e10 | |
| 中国名酒志/曾纵野著.-北京:中国旅游出版社,1980.10 |
| 152页;19cm |
| ISBN :CNY0.76 |
| ● |
| 相关链接 |
|
|
|
|
正题名:中国名酒志
索取号:F768.2/10
 
预约/预借
| 序号 | 登录号 | 条形码 | 馆藏地/架位号 | 状态 | 备注 |
| 1 | 0105546 | 000489778 | 第一借阅区/ [索取号:F768.2/10] | 在馆 | |
| 2 | 0105547 | 000489787 | 密集书库/ [索取号:F768.2/10] | 在馆 | |
| 3 | 0212733 | 000489796 | 第一样本阅览室/ [索取号:F768.2/10] | 在馆 |